Microeconomics
Kaydedildi:
| Yazar: | |
|---|---|
| Materyal Türü: | Kitap |
| Dil: | İngilizce |
| Baskı/Yayın Bilgisi: |
Pearson Education
2015
|
| Etiketler: |
Etiketle
Etiket eklenmemiş, İlk siz ekleyin!
|
MARC
| LEADER | 00000nam a22000007a 4500 | ||
|---|---|---|---|
| 008 | 201214b ||||| |||| 00| 0 eng d | ||
| 020 | |a 978-1-292-08197-7 | ||
| 100 | |a PINDYCK, Robert S. |a Rubinfeld, Daniel L. | ||
| 245 | |a Microeconomics |c Robert S. Pindyck [and] Daniel L. Rubinfeld |g 739p.; ill. | ||
| 250 | |b 8th ed | ||
| 260 | |b Pearson Education |c 2015 |h Essex, England |i 691217 |i 691218 |l HB172 .P65 |m Microeconomics. | ||
| 500 | |a It includes index | ||
| 942 | |a lcc |c BK |e Kuteyi, M. A. |f 14/12/2020 | ||
| 952 | |0 0 |1 0 |2 lcc |4 0 |6 HB0172 P65 |7 0 |9 470 |a HOL |b SSL |c GJ |d 2020-12-14 |l 0 |o HB172 .P65 |p 2020-2199 |r 2020-12-14 00:00:00 |w 2020-12-14 |y BK | ||
| 952 | |0 0 |1 0 |2 lcc |4 0 |6 HB0172 P65 |7 0 |9 471 |a HOL |b HOL |c GJ |d 2020-12-14 |l 0 |o HB172 .P65 |p 2020-2200 |r 2020-12-14 00:00:00 |w 2020-12-14 |y BK | ||
| 999 | |c 238 |d 238 | ||